000 00368nam a2200145Ia 4500
008 230312s9999||||xx |||||||||||||| ||und||
020 _a0-415-04894-X
082 _a791.4372
_bMAR-V
100 _aMartin;Jacqueline
245 0 _aVoice in Modern Theatre
260 _bRoutledge
_aLondon
_c1991
300 _a229
650 _aMass com
_vMass Communication
942 _cBK
999 _c11448
_d11448